000 00587nam a22001697a 4500
005 20251108164157.0
008 250721s9999 xx 000 0 ara d
082 1 4 _a342.62/مصط
100 1 _aالشاذلي، مصطفى
245 1 0 _aموسوعة أسباب الحراسة و الجزاء السياسي في قانون المدعي العام الإشتراكي /
264 1 _aالإسكندريه :
_bدار المطبوعات الجامعيه،
_c[19-].
300 _a962ص
650 1 7 _aالقانون الإداري
650 1 7 _aمصر
942 _2ddc
_cBK
999 _c5593
_d5593